| 000 | 00755nam a2200229 a 4500 | ||
|---|---|---|---|
| 001 | BRL_1312 | ||
| 005 | 20190320211136.0 | ||
| 008 | 060114t1983----mx-ao####d---#000-0#spa-# | ||
| 041 | _aspa | ||
| 044 | _amx | ||
| 050 | 4 |
_aF1219.76.C68 _b.M33 1983 |
|
| 100 | 1 |
_aMacazaga Ordoño, César _926477 |
|
| 245 | 1 | 0 |
_aDiccionario de indumentaria náhuatl _cpor Cesar Macazaga Ordoño ; introducción e iconografía, del autor. |
| 260 |
_aMéxico _bInnovación _c1983 |
||
| 300 |
_a167 p. _bil. _c20 cm. |
||
| 440 | 0 |
_aColección diccionarios monográficos de la cultura náhuatl _926478 |
|
| 500 | _aAu1590 | ||
| 650 | 1 | 4 |
_aNahuas _vDiccionarios _xIndumentaria _926479 |
| 650 | 1 | 4 |
_aAztecas _vDiccionarios _xIndumentaria _926480 |
| 902 | _aGRL | ||
| 942 |
_2lcc _cB |
||
| 999 |
_c10124 _d10124 |
||